PRINCIPLES AND PRACTICE OF PANCAKARMA (Record no. 8357)

MARC details
000 -LEADER
fixed length control field 00306nam a22001337a 4500
003 - CONTROL NUMBER IDENTIFIER
control field SGT
082 ## - DEWEY DECIMAL CLASSIFICATION NUMBER
Classification number 615.53
Item number P15P
100 ## - MAIN ENTRY--PERSONAL NAME
Personal name PATIL.VASANT.C
245 ## - TITLE STATEMENT
Title PRINCIPLES AND PRACTICE OF PANCAKARMA
260 ## - PUBLICATION, DISTRIBUTION, ETC. (IMPRINT)
Place of publication, distribution, etc VARANSI
Name of publisher, distributor, etc CHAUKHAMBHA PUB
Year of Publication 2015
300 ## - PAGE DESCRIPTION
No. of Pages 716
650 ## - SUBJECT ADDED ENTRY--TOPICAL TERM
Topical term or geographic name as entry element PANCAKARMA
942 ## - ADDED ENTRY ELEMENTS (KOHA)
Source of classification or shelving scheme Dewey Decimal Classification
Koha item type Books
942 ## - ADDED ENTRY ELEMENTS (KOHA)
-- 71
Holdings
Withdrawn status Lost status Source of classification or shelving scheme Damaged status Not for loan Collection code Home library Current library Shelving location Date acquired Vendor Name Cost, normal purchase price SGTU Bill Number Total Checkouts Full call number Accession No. (Barcode) Date last seen Date last borrowed Bill Date Koha item type Total Renewals Use restrictions
    Dewey Decimal Classification     AYURVEDA SGT FA-FP Library SGT FA-FP Library Text Book 08/03/2016 CHAUKHAMBHA 495.00 SGTU CP/B/724 26 615.53 P15P FA3341 09/09/2025 04/09/2025 16/12/2015 Books    
    Dewey Decimal Classification     AYURVEDA SGT FA-FP Library SGT FA-FP Library Text Book 08/03/2016 CHAUKHAMBHA 495.00 SGTU CP/B/724 36 615.53 P15P FA3342 09/08/2024 09/08/2024 16/12/2015 Books    
    Dewey Decimal Classification     AYURVEDA SGT FA-FP Library SGT FA-FP Library Text Book 08/03/2016 CHAUKHAMBHA 495.00 SGTU CP/B/724 26 615.53 P15P FA3343 18/02/2026 18/02/2026 16/12/2015 Books 1  
    Dewey Decimal Classification     AYURVEDA SGT FA-FP Library SGT FA-FP Library Text Book 08/03/2016 CHAUKHAMBHA 495.00 SGTU CP/B/724 20 615.53 P15P FA3344 14/05/2024 30/04/2024 16/12/2015 Books    
    Dewey Decimal Classification     AYURVEDA SGT FA-FP Library SGT FA-FP Library Reference Book 08/03/2016 CHAUKHAMBHA 495.00 SGTU CP/B/724   615.53 P15P FA3345 08/03/2016   16/12/2015 Books   Restricted Access